Le Botswana pour les touristes... - Facile - Statistiques

Statistiques générales
  • Ce quiz a été pris 4 fois
  • Le résultat moyen est 13 sur 20
Statistiques - réponses
Question Indice Réponses Indice facile % Correct
Dans la capitale quel est le décalage horaire avec Paris ? (+ ou - et chiffre) ex - 10 0
100%
Quelles sont les langues officielles ? Anglais
100%
Quelles sont les principaux lieux touristiques ? M {Maun} NUAM
100%
Ce pays est plus grand que la France (oui/non) Oui
100%
Quel pays a accordé son indépendance à celui-ci ? Royaume-Uni
100%
Quels est le climat local ? A Semi-{aride}
100%
Achats à faire 4/ Oeufs d' autruche CRUAUTEH
75%
Achats à faire 2/ Objets en cuir RUIC
75%
Achats à faire 5/ Piano à pouces COUPES
75%
Quel est le régime du pays ? République
75%
Achats à faire 3/ Bijoux San NAS
75%
Code sur les plaques minéralogiques BW
50%
Le suffixe internet est bw
50%
La religion majoritaire est Christianisme C
50%
Quelles sont les principaux lieux touristiques ? O Delta de l'{Okavango} KONGOAAV
50%
Quelles sont les principaux lieux touristiques ? K Désert de {Kalahari} HAIRAAKL
50%
Le principal aéroport est Gaborone
50%
Quelle est la monnaie ? Pufa P
0%
Quelles sont les langues officielles ? Tswana T
0%
Achats à faire 1/ Articles tressés en vannerie NERVINEA
0%
Aucun quiz correspondant
Distribution des résultats
% des personnes avec chaque résultat
Percentile par nombre de réponses
Votre historique - résultats
Vous n’avez pas pris ce quiz